000 00644nam a2200241Ia 4500
003 OSt
005 20220924153327.0
006 a|||||r|||| 00| 0
007 ta
008 220923b |||||||| |||| 00| 0 guj d
024 _a347865
037 _cTextual
040 _aARTS
_cARTS
_bguj
041 _2guj
_aguj
082 _aO156,1V.N4, J2
100 _aAdypak Ramnaryan
_9228514
245 0 _aAvachin kavya sahityana
260 _c1952
650 _aGUJRATI LITERATURE
700 _a Pathak Vishnath
_9228515
942 _hO156,1V.N4, J2
_cTEXL
_2CC
999 _c473146
_d473146